Choosin' Texas lyrics (Ella Langley) - Statistics

General Stats
  • This quiz has been taken 58 times
  • The average score is 239 of 309
Answer Stats
Lyrics % Correct
a
100%
A
100%
he
100%
He
100%
I
100%
the
100%
Texas,
98%
Texas
98%
by
95%
can
95%
choosin'
95%
to
95%
He's
93%
tell
93%
tell,
93%
no
91%
way
91%
do
89%
room
89%
'round
89%
take
89%
him
86%
She's
86%
And
84%
and
84%
from
84%
in
84%
It
84%
that
84%
ball
82%
cry
82%
face
82%
his
82%
nothing
82%
on
82%
on,
82%
see
82%
when
82%
When
82%
all
80%
always
80%
her
80%
judging
80%
love
80%
smile
80%
There's
80%
with
80%
cowboy
77%
crystal
77%
doesn't
77%
Drinking
77%
finds
77%
Jack
77%
Just
77%
myself
77%
written
77%
leave
75%
should've
75%
Tennessee
75%
back
73%
fall
73%
got
73%
know
73%
that's
73%
better
70%
for
70%
though
70%
two-stepping
70%
arms
68%
of
66%
right
66%
than
66%
thought
66%
wasn't
66%
into
64%
known
64%
match
64%
kind
61%
put
57%
spark
57%
Abilene
52%
as
50%
we
48%
I'm
45%
taken
43%
warning
43%
guess
41%
Morning"
41%
Mountain
41%
Smoky
41%
"Amarillo
39%
down,
39%
sing
39%
about
36%
Lone
36%
loved
36%
used
36%
blues
34%
forgot
34%
help
34%
Memphis
34%
Them
34%
but
32%
old
32%
rain
32%
Star
32%
State
32%
tunes,
32%
eastbound
30%
ever
30%
heart
30%
can't
27%
Hank
27%
Oh
27%
Well,
27%
yeah
27%
baby
25%
belongs
25%
'Cause
25%
Come
25%
every
25%
gets
25%
mile
25%
still
25%
change
23%
gonna
20%
lonelier
20%
mind
20%
I-40
18%
I'll
7%
No matching quizzes found
Score Distribution
Percent of People with Each Score
Percentile by Number Answered
Your Score History
You have not taken this quiz